Представление документа в формате RUSMARC

ПолеНазваниеЗначение
  Тип записи a
  Библиографический уровень a
001 Контрольный номер RU/CBS_UL/BASE/13e116f4f1df4e48a5a550b4e7a72238
005 Дата корректировки 20260417111543.6
100 Данные общей обработки __
a Данные общей обработки 20260417 ||| 0rusy0189 ca
101 Язык документа 0_
a Язык текста rus
102 Страна публикации __
a Страна публикации RU
200 Заглавие и сведения об ответственности 1_
a Заглавие "Спарка" для "Грача"
e Сведения, относящиеся к заглавию [первый учебно-боевой штурмовик Су-25УБ]
f Первые сведения об ответственности П. Плунский
300 Общие примечания __
a Общие примечания 16+
461 Уровень набора _0
1 2000
a Взлет
463 Уровень физической единицы _0
1 2000
a № 7-8
v С. 28-29 : фото
1 2101
d 2025
1 001RU/CBS_UL/BASE/71135b3af2cc457cbe5018879bad52d4
606 Тематические рубрики 0_
a Основная рубрика Су-25, штурмовики
610 Ключевые слова 0_
a Ключевые слова штурмовики
610 Ключевые слова 0_
a Ключевые слова учебно-боевые штурмовики
610 Ключевые слова 0_
a Ключевые слова штурмовики учебно-боевые
610 Ключевые слова 0_
a Ключевые слова ОКБ Сухого
610 Ключевые слова 0_
a Ключевые слова Су-25УБ (штурмовики)
686 Индексы других классификаций __
2 Код системы rubbk
a Классификационный индекс 68.521.11
700 Автор _1
a Фамилия Плунский
b Имя (инициалы) П.
801 Источник записи _0
a Страна RU
b Организация МБУК ЦБС г. Ульяновска
c Дата составления 20260417
g Правила каталогизации RCR
801 Источник записи _1
a Страна RU
b Организация МБУК ЦБС г. Ульяновска
c Дата составления 20260417
g Правила каталогизации RCR
901 Тип документа __
t Тип документа b
w Контрольный № источника RU/CBS_UL/BASE/71135b3af2cc457cbe5018879bad52d4
909 Создатель записи __
a Создатель записи lib2